000
00299nam a22001337a 4500
008
170320b xxu||||| |||| 00| 0 eng d
020
_a
0721665578
041
_a
eng
080
_a
616.8
100
_a
7
101
_a
SHM
245
_a
CURRENT CONTROVERISES IN NEUROSURGERY
_c
MORLEY
942
_2
udc
_c
BK
999
_c
8118
_d
8118